Most Popular Songs of All Time Worldwide (Updated 2026) - Statistics

General Stats
  • This quiz has been taken 53 times
    48 since last reset
  • The average score is 28 of 100
Answer Stats
Rank Artist (Version) Answer % Correct
16. Pharrell Williams Happy
73%
6. Ed Sheeran Shape Of You
70%
1. Lady GaGa, Bruno Mars Die With A Smile
68%
8. Rosé, Bruno Mars APT.
65%
14. Sabrina Carpenter Espresso
65%
45. Carly Rae Jepsen Call Me Maybe
63%
4. Mariah Carey All I Want For Christmas Is You
60%
3. The Weeknd Blinding Lights
60%
20. Luis Fonsi, Daddy Yankee, Justin Bieber Despacito
60%
11. Kid Laroi, Justin Bieber Stay
60%
28. Billie Eilish Bad Guy
58%
27. Lil Nas X, Billy Ray Cyrus Old Town Road
55%
5. Harry Styles As It Was
53%
10. Benson Boone Beautiful Things
53%
52. Adele Hello
53%
25. Ed Sheeran Perfect
53%
18. Mark Ronson, Bruno Mars Uptown Funk!
53%
31. Coolio, L.V. Gangsta's Paradise
50%
12. Whitney Houston I Will Always Love You
50%
23. Wham! Last Christmas
50%
9. Tones And I Dance Monkey
48%
24. Beatles Hey Jude
48%
26. Celion Dion My Heart Will Go On
45%
13. Miley Cyrus Flowers
43%
40. Village People Y.M.C.A
43%
30. Black Eyed Peas I Gotta Feeling
40%
76. Spice Girls Wannabe
40%
73. Michael Jackson Billie Jean
38%
35. Shawn Mendes, Camila Cabello Señorita
38%
34. Lewis Capaldi Someone You Loved
38%
86. Queen Bohemian Rhapsody
35%
46. Gotye, Kimbra Somebody That I Used To Know
35%
51. Bee Gees Stayin' Alive
35%
47. Avicii Wake Me Up!
35%
41. Pink Floyd Another Brick In The Wall (Part II)
33%
67. Cher Believe
33%
92. Daft Punk, Pharell Williams Get Lucky
33%
70. Camila Cabello, Young Thug Havana
33%
91. Alex Warren Ordinary
33%
7. Billie Eilish Birds Of A Feather
30%
32. Robin Thicke, Pharell Williams, T.I. Blurred Lines
30%
42. Glass Animals Heat Waves
30%
64. Maroon 5, Christina Aguilera Moves Like Jagger
30%
37. Adele Rolling In The Deep
30%
79. Ace Of Bass The Sign
30%
2. Elton John {Candle In The Wind} 1997
28%
83. Survivor Eye Of The Tiger
28%
99. Lady GaGa Poker Face
28%
74. Shaboozey A Bar Song (Tipsy)
25%
88. Maroon 5, Cardi B Girls Like You
25%
17. USA For Africa We Are The World
25%
15. Bryan Adams (Everything I Do) I Do It For You
23%
39. Puff Daddy, Faith Evans, 112 I'll Be Missing You
23%
29. Teddy Swims Lose Control
23%
22. Los Del Rio Macarena
23%
21. The Weeknd Save Your Tears
23%
36. John Travolta, Olivia Newton-John You're The One That I Want
23%
58. Timbaland, OneRepublic Apologize
20%
77. BTS Dynamite
20%
90. Shakira, Wyclef Jean Hips Don't Lie
20%
57. LMFAO, Lauren Bennett, GoonRock Party Rock Anthem
20%
61. Dua Lipa Don't Start Now
18%
43. Stevie Wonder I Just Called To Say I Love You
18%
53. Dua Lipa Levitating
18%
85. Sinead O'Connor Nothing Compares 2 U
18%
100. Ed Sheeran Thinking Out Loud
18%
72. Leona Lewis Bleeding Love
15%
96. Elton John, Dua Lipa (PNAU Remix) Cold Heart
15%
33. Taylor Swift Cruel Summer
15%
38. Irene Cara Flashdance...What A Feeling
15%
75. Culture Club Karma Chameleon
15%
48. George Harrison My Sweet Lord
15%
44. Snap Rhythm Is A Dancer
15%
62. Toni Braxton Un-Break My Heart
15%
93. Justin Timberlake Can't Stop The Feeling!
13%
97. Blondie Heart Of Glass
13%
60. All-4-One I Swear
13%
69. Bon Jovi Always
10%
68. Kim Carnes Bette Davis Eyes
10%
94. Michael Jackson Black Or White
10%
87. Ed Sheeran, Justin Bieber I Don't Care
10%
95. The Archies Sugar Sugar
10%
54. Doris Day Whatever Will Be, Will Be (Que Sera, Sera)
10%
50. Barbra Streisand Woman In Love
10%
49. Ed Sheeran Bad Habits
8%
66. Rema Calm Down
8%
84. Paul McCartney, Stevie Wonder Ebony And Ivory
8%
80. UB40 (I Can't Help) Falling In Love With You
8%
89. Meatloaf I'd Do Anything For Love (But I Won't Do That)
8%
98. Bee Gees Night Fever
8%
59. Frank Sinatra Strangers In The Night
8%
56. Mungo Jerry In The Summertime
5%
63. Boney M. Rivers of Babylon
5%
81. Scott McKenzie San Francisco (Be Sure To Wear Flowers)
5%
65. Terry Jacks Seasons In The Sun
5%
71. Culture Club Do You Really Want To Hurt Me
3%
19. Beatles I Want To Hold Your Hand
3%
55. Elvis Presley It's Now Or Never
0%
82. George McRae Rock Your Baby
0%
78. Mary Hopkins Those Were The Days
0%
No matching quizzes found
Score Distribution
Percent of People with Each Score
Percentile by Number Answered
Your Score History
You have not taken this quiz since the last reset